000 00953cam a22002531 4500
001 e 50000037
003 DLC
005 20260227111234.0
008 830613s1950 dcua 000 0 eng
010 _ae 50000037
035 _a(OCoLC)16764303
040 _aDLC
_cOrPS
_dDLC
042 _apremarc
050 0 0 _aL111
_b.A6 1950, no. 16
051 _aLC5215
_b.K37
100 1 _aKempfer, Homer.
245 1 0 _aSelected approaches to adult education,
260 _a[Washington]
_bFederal Security Agency, Office of Education
_c[1950]
300 _aiv, 48 p.
_billus.
_c23 cm.
501 _aCopies 1 and 2 of L111.A6 with: State boards of education and chief state school officers / Ward W. Keesecker. Washington : Govt. Print. Off., 1950. Bound together subsequent to publication.
_5DLC
650 0 _aAdult education.
700 1 _aWright, Grace Stevens.
_ejoint author.
830 0 _aBulletin (United States. Office of Education) ;
_v1950, no. 16.
999 _c22137
_d22137